000
00274nam a22000977a 4500
005
20250901165600.0
008
231030b |||||||| |||| 00| 0 eng d
050
_a
QA76.C35 1998
245
_a
MATHEMATICS FOR COMPUTING
_c
Callan, Rob
942
_2
lcc
_h
QA76.C35 1998
999
_c
6208
_d
6208